[Event "II Open Internacional Blitz Quart de Pob"]
[Site "Quart de Poblet, Spain"]
[Date "2019.08.10"]
[Round "2.5"]
[White "Ballester Llagaria, Luis Eduardo"]
[Black "Martinez Escandell, Alfonso"]
[Result "1-0"]
[WhiteElo "2291"]
[BlackElo "1894"]
[PlyCount "89"]
[EventDate "2019.??.??"]

1. e4 {[%clk 00:07:04]  [%emt 00:00:06]} 1... c5 {[%clk 00:07:05]} 2. Nc3 {
[%clk 00:07:06]} 2... e6 {[%clk 00:07:07]} 3. Nf3 {[%clk 00:07:08]} 3... Nc6 {
[%clk 00:07:09]} 4. d4 {[%clk 00:07:10]  [%emt 00:00:33]} 4... cxd4 {
[%clk 00:07:11]} 5. Nxd4 {[%clk 00:07:12]} 5... Bb4 {
[%clk 00:07:06]  [%emt 00:00:03]} 6. Nxc6 {[%clk 00:06:48]  [%emt 00:00:05]}
6... bxc6 {[%clk 00:07:07]  [%emt 00:00:04]} 7. Bd3 {[%clk 00:06:49]} 7... d5 {
[%clk 00:07:01]  [%emt 00:00:09]} 8. O-O {[%clk 00:06:42]  [%emt 00:00:14]}
8... Ne7 {[%clk 00:06:53]  [%emt 00:00:04]} 9. Qg4 {
[%clk 00:06:33]  [%emt 00:00:13]} 9... Ng6 {[%clk 00:06:46]  [%emt 00:00:22]}
10. exd5 {[%clk 00:06:10]  [%emt 00:00:13]} 10... Bxc3 {
[%clk 00:06:47]  [%emt 00:00:31]} 11. bxc3 {[%clk 00:06:12]} 11... cxd5 {
[%clk 00:06:45]  [%emt 00:00:03]} 12. Ba3 {[%clk 00:06:13]} 12... Bd7 {
[%clk 00:06:31]} 13. c4 {[%clk 00:05:54]  [%emt 00:00:40]} 13... Qh4 {
[%clk 00:04:59]  [%emt 00:01:11]} 14. Qxh4 {[%clk 00:04:06]  [%emt 00:01:51]}
14... Nxh4 {[%clk 00:05:00]  [%emt 00:00:21]} 15. cxd5 {[%clk 00:04:07]} 15...
exd5 {[%clk 00:05:01]} 16. Rfe1+ {[%clk 00:04:02]  [%emt 00:00:10]} 16... Be6 {
[%clk 00:04:40]  [%emt 00:00:09]} 17. c4 {[%clk 00:04:03]  [%emt 00:00:07]}
17... O-O-O {[%clk 00:04:04]  [%emt 00:00:31]} 18. Be7 {
[%clk 00:03:38]  [%emt 00:00:31]} 18... Ng6 {[%clk 00:03:58]  [%emt 00:00:11]}
19. Bxd8 {[%clk 00:03:39]  [%emt 00:00:04]} 19... Rxd8 {[%clk 00:03:58]} 20.
cxd5 {[%clk 00:03:34]  [%emt 00:00:11]} 20... Bxd5 {
[%clk 00:03:57]  [%emt 00:00:10]} 21. Rac1+ {[%clk 00:03:27]  [%emt 00:00:10]}
21... Kd7 {[%clk 00:03:52]  [%emt 00:00:04]} 22. Bb5+ {
[%clk 00:03:12]  [%emt 00:00:10]} 22... Kd6 {[%clk 00:03:49]  [%emt 00:00:32]}
23. Red1 {[%clk 00:03:14]} 23... Rb8 {[%clk 00:03:00]  [%emt 00:00:27]} 24. Bc4
{[%clk 00:03:13]  [%emt 00:00:37]} 24... Ne7 {[%clk 00:03:02]} 25. Rxd5+ {
[%clk 00:02:55]} 25... Nxd5 {[%clk 00:02:57]} 26. Rd1 {[%clk 00:02:57]} 26...
f6 {[%clk 00:02:43]  [%emt 00:00:15]} 27. Bxd5 {
[%clk 00:02:57]  [%emt 00:00:05]} 27... Ke5 {[%clk 00:02:44]} 28. Bb3 {
[%clk 00:02:58]  [%emt 00:00:11]} 28... Rb7 {[%clk 00:02:22]  [%emt 00:00:18]}
29. f3 {[%clk 00:02:56]  [%emt 00:00:06]} 29... f5 {
[%clk 00:02:14]  [%emt 00:00:08]} 30. Kf2 {[%clk 00:02:54]  [%emt 00:00:32]}
30... g5 {[%clk 00:02:13]  [%emt 00:00:03]} 31. Rd5+ {[%clk 00:02:52]} 31...
Kf6 {[%clk 00:02:14]} 32. Rd6+ {[%clk 00:02:54]} 32... Kg7 {
[%clk 00:02:04]  [%emt 00:00:04]} 33. Ra6 {[%clk 00:02:49]  [%emt 00:00:09]}
33... h6 {[%clk 00:01:56]  [%emt 00:00:03]} 34. Ke3 {
[%clk 00:02:48]  [%emt 00:00:12]} 34... Rd7 {[%clk 00:01:39]  [%emt 00:00:12]}
35. Rc6 {[%clk 00:02:42]  [%emt 00:00:10]} 35... Re7+ {
[%clk 00:01:31]  [%emt 00:00:08]} 36. Kd4 {[%clk 00:02:27]  [%emt 00:00:22]}
36... g4 {[%clk 00:01:23]  [%emt 00:00:08]} 37. fxg4 {
[%clk 00:02:24]  [%emt 00:00:11]} 37... fxg4 {[%clk 00:01:24]  [%emt 00:00:04]}
38. Kd5 {[%clk 00:02:20]  [%emt 00:00:03]} 38... h5 {
[%clk 00:01:03]  [%emt 00:00:20]} 39. Kd6 {[%clk 00:02:14]  [%emt 00:00:12]}
39... Re2 {[%clk 00:01:04]} 40. Rc2 {[%clk 00:02:15]  [%emt 00:00:08]} 40...
Re3 {[%clk 00:00:49]  [%emt 00:00:11]} 41. Rc7+ {
[%clk 00:02:16]  [%emt 00:00:12]} 41... Kf6 {[%clk 00:00:39]  [%emt 00:00:04]}
42. Rxa7 {[%clk 00:02:11]  [%emt 00:00:07]} 42... Re2 {
[%clk 00:00:41]  [%emt 00:00:11]} 43. Bd5 {[%clk 00:02:12]} 43... h4 {
[%clk 00:00:43]} 44. Ra4 {[%clk 00:01:34]  [%emt 00:00:34]} 44... Kg5 {
[%clk 00:00:21]  [%emt 00:00:33]} 45. Rxg4+ {[%clk 00:01:26]  [%emt 00:00:12]}
1-0

[Event "II Open Internacional Blitz Quart de Pob"]
[Site "Quart de Poblet, Spain"]
[Date "2019.08.10"]
[Round "2.6"]
[White "Cea Calero, Pedro Antonio"]
[Black "Castella Garcia, Fausto"]
[Result "0-1"]
[WhiteElo "1779"]
[BlackElo "2279"]
[PlyCount "108"]
[EventDate "2019.??.??"]

1. d4 {[%clk 00:07:04]  [%emt 00:00:25]} 1... Nf6 {[%clk 00:07:05]} 2. c4 {
[%clk 00:07:06]} 2... e5 {[%clk 00:07:06]} 3. d5 {
[%clk 00:07:05]  [%emt 00:00:04]} 3... Bc5 {[%clk 00:07:07]} 4. e3 {
[%clk 00:07:02]} 4... d6 {[%clk 00:07:08]} 5. Nc3 {[%clk 00:07:02]} 5... a5 {
[%clk 00:07:08]} 6. Bd3 {[%clk 00:06:49]  [%emt 00:00:14]} 6... O-O {
[%clk 00:07:06]  [%emt 00:00:34]} 7. Qc2 {[%clk 00:06:51]} 7... Na6 {
[%clk 00:06:54]  [%emt 00:00:08]} 8. a3 {[%clk 00:06:51]} 8... Ba7 {
[%clk 00:06:52]} 9. Nge2 {[%clk 00:05:38]  [%emt 00:01:05]} 9... Nc5 {
[%clk 00:06:52]  [%emt 00:00:13]} 10. Ng3 {[%clk 00:05:27]  [%emt 00:00:05]}
10... Nxd3+ {[%clk 00:06:51]  [%emt 00:00:10]} 11. Qxd3 {[%clk 00:05:28]} 11...
c6 {[%clk 00:06:02]  [%emt 00:00:44]} 12. O-O {[%clk 00:05:13]  [%emt 00:00:20]
} 12... cxd5 {[%clk 00:06:03]  [%emt 00:00:07]} 13. cxd5 {
[%clk 00:04:46]  [%emt 00:00:23]} 13... Bd7 {[%clk 00:04:44]  [%emt 00:01:24]}
14. b3 {[%clk 00:03:59]  [%emt 00:00:48]} 14... Qb6 {
[%clk 00:03:59]  [%emt 00:00:49]} 15. Rb1 {[%clk 00:02:56]  [%emt 00:01:06]}
15... Qa6 {[%clk 00:03:56]  [%emt 00:00:31]} 16. Qxa6 {
[%clk 00:02:40]  [%emt 00:00:09]} 16... bxa6 {[%clk 00:03:58]} 17. Bd2 {
[%clk 00:02:35]} 17... Rab8 {[%clk 00:03:47]  [%emt 00:00:08]} 18. Nce4 {
[%clk 00:02:35]  [%emt 00:00:08]} 18... Nxe4 {[%clk 00:03:41]  [%emt 00:00:07]}
19. Nxe4 {[%clk 00:02:36]  [%emt 00:00:04]} 19... Bf5 {
[%clk 00:03:40]  [%emt 00:00:03]} 20. f3 {[%clk 00:02:23]  [%emt 00:00:14]}
20... Rfd8 {[%clk 00:03:09]  [%emt 00:00:42]} 21. Kf2 {
[%clk 00:02:08]  [%emt 00:00:10]} 21... Rb5 {[%clk 00:03:10]  [%emt 00:00:09]}
22. Ke2 {[%clk 00:02:04]} 22... Rxd5 {[%clk 00:03:10]  [%emt 00:00:06]} 23. Nc3
{[%clk 00:01:51]  [%emt 00:00:18]} 23... Bd3+ {[%clk 00:03:11]} 24. Kf2 {
[%clk 00:01:47]  [%emt 00:00:08]} 24... Rc5 {[%clk 00:03:11]} 25. Rfc1 {
[%clk 00:01:47]  [%emt 00:00:06]} 25... Bxb1 {[%clk 00:03:12]  [%emt 00:00:04]}
26. Rxb1 {[%clk 00:01:46]} 26... Rdc8 {[%clk 00:03:11]  [%emt 00:00:11]} 27.
Ne4 {[%clk 00:01:36]  [%emt 00:00:05]} 27... Rc2 {
[%clk 00:03:12]  [%emt 00:00:08]} 28. Ke2 {[%clk 00:01:34]  [%emt 00:00:03]}
28... d5 {[%clk 00:03:05]  [%emt 00:00:06]} 29. Nd6 {
[%clk 00:01:26]  [%emt 00:00:11]} 29... R8c6 {[%clk 00:02:57]  [%emt 00:00:11]}
30. Nf5 {[%clk 00:01:12]  [%emt 00:00:20]} 30... Kf8 {
[%clk 00:02:56]  [%emt 00:00:03]} 31. b4 {[%clk 00:01:14]} 31... g6 {
[%clk 00:02:51]  [%emt 00:00:04]} 32. Ng3 {[%clk 00:01:00]  [%emt 00:00:17]}
32... Ra2 {[%clk 00:02:40]  [%emt 00:00:39]} 33. bxa5 {
[%clk 00:00:49]  [%emt 00:00:07]} 33... Rcc2 {[%clk 00:02:41]} 34. Nf1 {
[%clk 00:00:48]} 34... Bc5 {[%clk 00:02:24]  [%emt 00:00:08]} 35. Rb8+ {
[%clk 00:00:40]  [%emt 00:00:12]} 35... Kg7 {[%clk 00:02:23]  [%emt 00:00:07]}
36. Rd8 {[%clk 00:00:24]  [%emt 00:00:18]} 36... d4 {
[%clk 00:02:18]  [%emt 00:00:29]} 37. exd4 {[%clk 00:00:25]} 37... Bxd4 {
[%clk 00:02:14]} 38. f4 {[%clk 00:00:18]  [%emt 00:00:08]} 38... Rxa3 {
[%clk 00:02:03]  [%emt 00:00:10]} 39. fxe5 {[%clk 00:00:15]  [%emt 00:00:03]}
39... Bxe5 {[%clk 00:02:05]} 40. Ne3 {[%clk 00:00:14]  [%emt 00:00:04]} 40...
Rc6 {[%clk 00:01:34]  [%emt 00:00:30]} 41. Nd5 {
[%clk 00:00:13]  [%emt 00:00:11]} 41... Rd6 {[%clk 00:01:28]  [%emt 00:00:04]}
42. Rxd6 {[%clk 00:00:07]  [%emt 00:00:06]} 42... Bxd6 {
[%clk 00:01:30]  [%emt 00:00:30]} 43. Bc3+ {[%clk 00:00:04]  [%emt 00:00:03]}
43... Kf8 {[%clk 00:01:09]  [%emt 00:00:06]} 44. Bd2 {[%clk 00:00:07]} 44... f5
{[%clk 00:01:06]  [%emt 00:00:11]} 45. Nb6 {[%clk 00:00:09]} 45... Ra2 {
[%clk 00:01:04]} 46. Nc4 {[%clk 00:00:10]  [%emt 00:00:03]} 46... Bb4 {
[%clk 00:01:04]} 47. Kd3 {[%clk 00:00:11]} 47... Bxd2 {
[%clk 00:01:03]  [%emt 00:00:06]} 48. Nxd2 {[%clk 00:00:12]} 48... Rxa5 {
[%clk 00:01:03]  [%emt 00:00:21]} 49. Nc4 {[%clk 00:00:14]  [%emt 00:00:04]}
49... Ra2 {[%clk 00:01:02]} 50. Ne3 {[%clk 00:00:14]} 50... Ra3+ {
[%clk 00:01:02]} 51. Ke2 {[%clk 00:00:15]} 51... Rxe3+ {[%clk 00:01:03]} 52.
Kxe3 {[%clk 00:00:17]} 52... Ke7 {[%clk 00:01:04]  [%emt 00:00:04]} 53. Kd3 {
[%clk 00:00:19]} 53... Kd6 54. Kc4 Ke5 {[%clk 00:01:01]} 0-1

[Event "II Open Internacional Blitz Quart de Pob"]
[Site "Quart de Poblet, Spain"]
[Date "2019.08.10"]
[Round "2.7"]
[White "Toledano Llinares, Juan A"]
[Black "Rios Garcia, Miguel"]
[Result "0-1"]
[WhiteElo "2249"]
[BlackElo "1788"]
[PlyCount "79"]
[EventDate "2019.??.??"]

1. e4 {[%clk 00:07:03]  [%emt 00:00:04]} 1... Nf6 {[%clk 00:07:05]} 2. d3 {
[%clk 00:07:01]  [%emt 00:00:22]} 2... d5 {[%clk 00:07:05]} 3. Nc3 {
[%clk 00:06:50]} 3... dxe4 {[%clk 00:07:06]} 4. Nxe4 {
[%clk 00:06:50]  [%emt 00:00:17]} 4... Nxe4 {[%clk 00:07:08]} 5. dxe4 {
[%clk 00:06:51]  [%emt 00:00:11]} 5... Qxd1+ {[%clk 00:07:09]} 6. Kxd1 {
[%clk 00:06:53]} 6... e5 {[%clk 00:06:58]} 7. Nf3 {[%clk 00:06:51]} 7... f6 {
[%clk 00:07:00]  [%emt 00:00:03]} 8. Bc4 {[%clk 00:06:48]  [%emt 00:00:05]}
8... Bg4 {[%clk 00:06:55]  [%emt 00:00:14]} 9. Be3 {[%clk 00:06:47]} 9... Nc6 {
[%clk 00:06:49]  [%emt 00:00:07]} 10. c3 {[%clk 00:06:45]  [%emt 00:00:19]}
10... O-O-O+ {[%clk 00:06:17]  [%emt 00:00:21]} 11. Ke2 {
[%clk 00:06:47]  [%emt 00:00:09]} 11... Be7 {[%clk 00:04:45]  [%emt 00:01:26]}
12. h3 {[%clk 00:06:46]  [%emt 00:00:05]} 12... Bh5 {
[%clk 00:04:44]  [%emt 00:00:11]} 13. a4 {[%clk 00:06:29]  [%emt 00:00:12]}
13... a6 {[%clk 00:04:42]  [%emt 00:00:32]} 14. b4 {[%clk 00:06:28]} 14... Nb8
{[%clk 00:04:04]  [%emt 00:00:19]} 15. a5 {[%clk 00:06:16]  [%emt 00:00:27]}
15... Be8 {[%clk 00:03:46]  [%emt 00:00:08]} 16. Rhb1 {
[%clk 00:06:14]  [%emt 00:00:17]} 16... Bc6 {[%clk 00:03:07]  [%emt 00:00:29]}
17. Nd2 {[%clk 00:06:10]  [%emt 00:00:28]} 17... Bb5 {
[%clk 00:02:36]  [%emt 00:00:15]} 18. Bxb5 {[%clk 00:06:11]  [%emt 00:00:04]}
18... axb5 {[%clk 00:02:38]} 19. c4 {[%clk 00:06:14]  [%emt 00:00:03]} 19... c6
{[%clk 00:02:25]  [%emt 00:00:13]} 20. cxb5 {[%clk 00:06:14]  [%emt 00:00:11]}
20... cxb5 {[%clk 00:02:28]} 21. Bb6 {[%clk 00:05:55]  [%emt 00:00:14]} 21...
Rd7 {[%clk 00:01:59]  [%emt 00:01:10]} 22. Ra2 {[%clk 00:05:56]} 22... Nc6 {
[%clk 00:01:59]} 23. a6 {[%clk 00:05:50]} 23... bxa6 {[%clk 00:01:56]} 24. Rc2
{[%clk 00:05:29]  [%emt 00:00:07]} 24... Kb7 {[%clk 00:01:57]  [%emt 00:00:03]}
25. Rbc1 {[%clk 00:04:41]  [%emt 00:00:57]} 25... Nxb4 {
[%clk 00:01:38]  [%emt 00:00:12]} 26. Rc7+ {[%clk 00:04:42]  [%emt 00:00:06]}
26... Rxc7 {[%clk 00:01:40]} 27. Rxc7+ {[%clk 00:04:44]} 27... Kxb6 {
[%clk 00:01:42]} 28. Rxe7 {[%clk 00:04:45]} 28... a5 {
[%clk 00:01:37]  [%emt 00:00:11]} 29. Rxg7 {[%clk 00:04:45]  [%emt 00:00:03]}
29... a4 {[%clk 00:01:39]  [%emt 00:00:03]} 30. Rf7 {[%clk 00:04:47]} 30... a3
{[%emt 00:00:11]} 31. Nb3 {[%clk 00:04:49]} 31... Rc8 {
[%clk 00:01:15]  [%emt 00:00:57]} 32. Rxf6+ Rc6 33. Rxc6+ {
[%clk 00:03:59]  [%emt 00:00:19]} 33... Nxc6 {[%clk 00:01:20]  [%emt 00:00:04]}
34. Kd3 {[%clk 00:03:59]} 34... b4 {[%clk 00:01:07]  [%emt 00:00:23]} 35. Kc4 {
[%clk 00:03:50]  [%emt 00:00:12]} 35... a2 {[%clk 00:00:31]  [%emt 00:00:28]}
36. Na1 {[%clk 00:03:52]  [%emt 00:00:09]} 36... Ka5 {
[%clk 00:00:31]  [%emt 00:00:04]} 37. g3 {[%clk 00:03:53]} 37... Ka4 {
[%clk 00:00:33]} 38. f4 {[%clk 00:03:54]} 38... Na5+ {
[%clk 00:00:35]  f5  [%clk 00:03:56]  b3  [%clk 00:00:36]  [%emt 00:00:04]} 39.
Kd3 {[%clk 00:03:54]  b2  [%clk 00:00:37]  [%emt 00:00:18]  f6  [%clk 00:03:
56]  b1=Q+  [%clk 00:00:33]  f7  [%clk 00:03:56]  Qb8  [%clk 00:00:33]  [%emt
00:00:07]  Ke3  [%clk 00:03:53]} 39... Nb3 {[%clk 00:00:34]  [%emt 00:00:04]}
40. Nc2 {[%clk 00:03:53]  Qf8  [%clk 00:00:36]  [%emt 00:00:06]  Kd3  [%clk 00:
03:50]  Qxf7  [%clk 00:00:39]  [%emt 00:00:12]} 0-1

[Event "II Open Internacional Blitz Quart de Pob"]
[Site "Quart de Poblet, Spain"]
[Date "2019.08.10"]
[Round "2.8"]
[White "Alvarez Aranda, Jesus"]
[Black "Galvan, Jesus"]
[Result "0-1"]
[WhiteElo "1687"]
[BlackElo "2200"]
[PlyCount "68"]
[EventDate "2019.??.??"]

1. e4 {[%clk 00:07:05]  [%emt 00:00:05]} 1... c5 {[%clk 00:07:05]} 2. Nf3 {
[%clk 00:07:06]  [%emt 00:00:03]} 2... Nf6 {[%clk 00:07:07]} 3. Nc3 {
[%clk 00:07:05]  [%emt 00:00:04]} 3... Nc6 {[%clk 00:07:09]  [%emt 00:00:06]}
4. e5 {[%clk 00:07:04]  [%emt 00:00:03]} 4... Ng4 {[%clk 00:07:11]} 5. Qe2 {
[%clk 00:06:41]  [%emt 00:00:41]} 5... d6 {[%clk 00:06:50]  [%emt 00:00:14]} 6.
h3 {[%clk 00:06:39]} 6... Ngxe5 {[%clk 00:06:52]} 7. Nxe5 {
[%clk 00:06:26]  [%emt 00:00:49]} 7... Nxe5 {[%clk 00:06:54]} 8. d3 {
[%clk 00:06:08]  [%emt 00:00:03]} 8... g6 {[%clk 00:06:52]} 9. Bf4 {
[%clk 00:06:02]  [%emt 00:00:09]} 9... Bg7 {[%clk 00:06:54]} 10. Bxe5 {
[%clk 00:05:22]  [%emt 00:00:28]} 10... Bxe5 {[%clk 00:06:55]  [%emt 00:00:09]}
11. Qd2 {[%clk 00:04:56]  [%emt 00:00:23]} 11... Bg7 {
[%clk 00:06:56]  [%emt 00:00:37]} 12. Be2 {[%clk 00:04:53]} 12... O-O {
[%clk 00:06:52]} 13. O-O {[%clk 00:04:51]  [%emt 00:00:06]} 13... Rb8 {
[%clk 00:06:49]} 14. b3 {[%clk 00:04:46]} 14... b5 {[%clk 00:06:51]} 15. Ne4 {
[%clk 00:04:43]  [%emt 00:00:07]} 15... Bxa1 {[%clk 00:06:31]  [%emt 00:00:16]}
16. Rxa1 {[%clk 00:04:45]  [%emt 00:00:03]} 16... e5 {
[%clk 00:06:30]  [%emt 00:00:03]} 17. Qh6 {[%clk 00:04:43]  [%emt 00:00:05]}
17... f6 {[%clk 00:06:31]  [%emt 00:00:04]} 18. Bh5 {
[%clk 00:04:38]  [%emt 00:00:07]} 18... Qe7 {[%clk 00:06:29]  [%emt 00:00:06]}
19. Nxd6 {[%emt 00:01:10]} 19... gxh5 {[%clk 00:06:24]} 20. Ne4 {
[%clk 00:03:19]  [%emt 00:00:24]} 20... Bb7 {[%clk 00:06:23]} 21. Qxh5 {
[%clk 00:03:08]  [%emt 00:00:10]} 21... Bxe4 {[%clk 00:06:22]  [%emt 00:00:26]}
22. dxe4 {[%clk 00:03:08]  [%emt 00:00:04]} 22... Kh8 {[%clk 00:06:19]} 23. Re1
{[%clk 00:02:50]  [%emt 00:00:08]} 23... Qf7 {[%clk 00:06:05]  [%emt 00:00:21]}
24. Qh4 {[%emt 00:00:37]} 24... Rbd8 {[%clk 00:05:53]} 25. Re3 {[%emt 00:00:05]
} 25... Rg8 {[%emt 00:00:09]} 26. Rf3 {[%clk 00:02:28]} 26... Rg6 {
[%emt 00:00:12]} 27. Rd3 {[%clk 00:02:15]  [%emt 00:00:04]} 27... Rxd3 {
[%clk 00:05:45]  [%emt 00:00:09]} 28. cxd3 {[%clk 00:02:16]  [%emt 00:00:03]}
28... Qd7 {[%clk 00:05:47]} 29. g4 {[%clk 00:02:00]  [%emt 00:00:26]} 29...
Qxd3 {[%clk 00:05:47]} 30. Qg3 {[%clk 00:01:34]  [%emt 00:00:22]} 30... Qxg3+ {
[%clk 00:05:47]  [%emt 00:00:08]} 31. fxg3 {[%clk 00:01:35]} 31... Rg8 {
[%clk 00:05:49]} 32. Kf2 {[%clk 00:01:37]} 32... Rd8 {[%clk 00:05:51]} 33. Ke2
{[%clk 00:01:38]  [%emt 00:00:12]} 33... c4 {[%clk 00:05:53]} 34. h4 {
[%clk 00:01:37]} 34... c3 {[%clk 00:05:55]  [%emt 00:00:05]} 0-1

[Event "II Open Internacional Blitz Quart de Pob"]
[Site "Quart de Poblet, Spain"]
[Date "2019.08.10"]
[Round "2.9"]
[White "Buenafe Moya, Javier"]
[Black "Ferrero Sanchis, Enrique"]
[Result "1-0"]
[WhiteElo "2117"]
[BlackElo "1711"]
[PlyCount "93"]
[EventDate "2019.??.??"]

1. c4 {[%clk 00:07:02]  [%emt 00:00:03]} 1... d6 {
[%clk 00:07:05]  [%emt 00:00:02]} 2. d4 {[%clk 00:06:54]  [%emt 00:00:11]} 2...
g6 {[%clk 00:07:06]  [%emt 00:00:02]} 3. Nf3 {[%clk 00:06:43]  [%emt 00:00:14]}
3... Bg7 {[%clk 00:07:07]  [%emt 00:00:03]} 4. h3 {
[%clk 00:06:31]  [%emt 00:00:14]} 4... b6 {[%clk 00:07:05]  [%emt 00:00:05]} 5.
Nc3 {[%clk 00:06:15]  [%emt 00:00:20]} 5... Bb7 {
[%clk 00:07:06]  [%emt 00:00:02]} 6. e3 {[%clk 00:06:09]  [%emt 00:00:08]} 6...
Nd7 {[%clk 00:07:07]  [%emt 00:00:02]} 7. Be2 {[%clk 00:06:06]  [%emt 00:00:06]
} 7... e6 {[%clk 00:07:08]  [%emt 00:00:02]} 8. O-O {
[%clk 00:06:05]  [%emt 00:00:03]} 8... Ne7 {[%clk 00:07:10]  [%emt 00:00:02]}
9. b3 {[%clk 00:05:45]  [%emt 00:00:24]} 9... h6 {
[%clk 00:06:57]  [%emt 00:00:16]} 10. Rb1 {[%clk 00:05:42]  [%emt 00:00:06]}
10... e5 {[%clk 00:06:36]  [%emt 00:00:24]} 11. dxe5 {
[%clk 00:05:20]  [%emt 00:00:25]} 11... Nxe5 {[%clk 00:06:35]  [%emt 00:00:04]}
12. Nxe5 {[%clk 00:05:19]  [%emt 00:00:04]} 12... dxe5 {
[%clk 00:06:21]  [%emt 00:00:17]} 13. Qc2 {[%clk 00:05:19]  [%emt 00:00:02]}
13... O-O {[%clk 00:06:09]  [%emt 00:00:16]} 14. Rd1 {
[%clk 00:05:07]  [%emt 00:00:15]} 14... Qc8 {[%clk 00:05:59]  [%emt 00:00:13]}
15. Ba3 {[%clk 00:05:02]  [%emt 00:00:09]} 15... c5 {
[%clk 00:05:44]  [%emt 00:00:17]} 16. b4 {[%clk 00:03:52]  [%emt 00:01:13]}
16... cxb4 {[%clk 00:05:09]  [%emt 00:00:38]} 17. Bxb4 {
[%clk 00:03:53]  [%emt 00:00:02]} 17... Qc7 {[%clk 00:05:10]  [%emt 00:00:02]}
18. Nb5 {[%clk 00:03:32]  [%emt 00:00:24]} 18... Qc6 {
[%clk 00:05:08]  [%emt 00:00:06]} 19. Bf3 {[%clk 00:03:31]  [%emt 00:00:03]}
19... e4 {[%clk 00:05:04]  [%emt 00:00:07]} 20. Bg4 {
[%clk 00:02:27]  [%emt 00:01:07]} 20... Nf5 {[%clk 00:03:32]  [%emt 00:01:35]}
21. Bxf5 {[%clk 00:01:51]  [%emt 00:00:40]} 21... gxf5 {
[%clk 00:03:33]  [%emt 00:00:03]} 22. Bxf8 {[%clk 00:01:35]  [%emt 00:00:19]}
22... Bxf8 {[%clk 00:03:34]  [%emt 00:00:02]} 23. Rd2 {
[%clk 00:00:58]  [%emt 00:00:40]} 23... Bc8 {[%clk 00:03:21]  [%emt 00:00:15]}
24. Rd8 {[%clk 00:00:44]  [%emt 00:00:16]} 24... Be6 {
[%clk 00:03:18]  [%emt 00:00:06]} 25. Rxa8 {[%clk 00:00:44]  [%emt 00:00:03]}
25... Qxa8 {[%clk 00:03:20]  [%emt 00:00:02]} 26. Nc7 {
[%clk 00:00:44]  [%emt 00:00:02]} 26... Qc6 {[%clk 00:03:17]  [%emt 00:00:06]}
27. Nxe6 {[%clk 00:00:46]  [%emt 00:00:02]} 27... Qxe6 {
[%clk 00:03:10]  [%emt 00:00:09]} 28. Rd1 {[%clk 00:00:45]  [%emt 00:00:04]}
28... Bc5 {[%clk 00:02:58]  [%emt 00:00:15]} 29. Rd5 {
[%clk 00:00:46]  [%emt 00:00:02]} 29... Kg7 {[%clk 00:02:45]  [%emt 00:00:16]}
30. Qc3+ {[%clk 00:00:40]  [%emt 00:00:09]} 30... Qf6 {
[%clk 00:02:40]  [%emt 00:00:08]} 31. Qxf6+ {[%clk 00:00:18]  [%emt 00:00:25]}
31... Kxf6 {[%clk 00:02:41]  [%emt 00:00:02]} 32. g4 {
[%clk 00:00:19]  [%emt 00:00:02]} 32... fxg4 {[%clk 00:02:38]  [%emt 00:00:06]}
33. hxg4 {[%clk 00:00:21]  [%emt 00:00:01]} 33... a5 {
[%clk 00:02:34]  [%emt 00:00:08]} 34. Kg2 {[%clk 00:00:20]  [%emt 00:00:04]}
34... Ke6 {[%clk 00:02:02]  [%emt 00:00:35]} 35. Kg3 {
[%clk 00:00:18]  [%emt 00:00:05]} 35... a4 {[%clk 00:01:55]  [%emt 00:00:10]}
36. Kf4 {[%clk 00:00:17]  [%emt 00:00:03]} 36... f6 {
[%clk 00:01:35]  [%emt 00:00:24]} 37. Kxe4 {[%clk 00:00:10]  [%emt 00:00:09]}
37... a3 {[%clk 00:01:36]  [%emt 00:00:02]} 38. f4 {
[%clk 00:00:11]  [%emt 00:00:02]} 38... Bb4 {[%clk 00:01:28]  [%emt 00:00:10]}
39. f5+ {[%clk 00:00:11]  [%emt 00:00:03]} 39... Ke7 {
[%clk 00:01:28]  [%emt 00:00:03]} 40. Rb5 {[%clk 00:00:12]  [%emt 00:00:02]}
40... Bc3 {[%clk 00:00:47]  [%emt 00:00:45]} 41. Rxb6 {
[%clk 00:00:11]  [%emt 00:00:04]} 41... Ba1 {[%clk 00:00:45]  [%emt 00:00:05]}
42. c5 {[%clk 00:00:10]  [%emt 00:00:04]} 42... Kd7 {
[%clk 00:00:45]  [%emt 00:00:03]} 43. Kd5 {[%clk 00:00:11]  [%emt 00:00:03]}
43... Be5 {[%clk 00:00:41]  [%emt 00:00:07]} 44. c6+ {
[%clk 00:00:11]  [%emt 00:00:03]} 44... Kc7 {[%clk 00:00:41]  [%emt 00:00:02]}
45. Rb7+ {[%clk 00:00:13]  [%emt 00:00:02]} 45... Kc8 {
[%clk 00:00:43]  [%emt 00:00:01]} 46. Ra7 {[%clk 00:00:14]  [%emt 00:00:02]}
46... Bb2 {[%clk 00:00:44]  [%emt 00:00:02]} 47. Rh7 {
[%clk 00:00:15]  [%emt 00:00:02]} 1-0